Mañana, tarde y noche / (Registro nro. 3277)

Detalles MARC
000 -LEADER
fixed length control field 01373nam a2200205 a 4500
005 - FECHA ULTIMA MODIFICACION
control field 20250724100046.0
008 - CAMPO DE CONTROL (LIBRO)
fixed length control field 100630t1995||||ag |||g p 1p0dspa d
020 ## - INTERNATIONAL STANDARD BOOK NUMBER
ISBN 9500415283
041 ## - CODIGO DE IDIOMA
Código de idioma del texto/pista de sonido o título separado spa
092 ## - SIGNATURA TOPOGRAFICA DEWEY LOCAL
número de clasificación 808
libristica 78
sección SHE
100 1# - ENTRADA PRINCIPAL--NOMBRE PERSONAL
Nombre personal Sheldon, Sidney
9 (RLIN) 3940
245 ## - TITULO PROPIAMENTE DICHO
Título Mañana, tarde y noche /
Mención de responsabilidad y remanente de la transcripción de la portada Sidney Sheldon
250 ## - MENCION DE EDICION
Mención de edición 3a ed.
Mención de responsabilidad relacionada con la ed. Traducción Nora Watson
260 ## - PIE DE IMPRENTA
Lugar de publicación, distribución, etc Buenos Aires:
Nombre de la editorial, distribuidor, etc Emecé;
Fecha de publicación 1995.
300 ## - DESCRIPCION FISICA
Extension 378 p.
500 ## - NOTA GENERAL
Nota general Sheldon, S. (1995). Mañana, tarde y noche. (3a ed.). Buenos Aires : Emecé.
505 ## - NOTA DE CONTENIDO
Nota de contenido formateada Cuando Harry Stanford, uno de los hombres más ricos del mundo, muere ahogado al caer misteriosamente de su yate que navega frente a las costas de Córcega, el acontecimiento tiene múltiples repercusiones. La familia se reúne para el funeral, en Boston. Y, de pronto, aparece una bella mujer joven que dice ser hija de Harry Stanford y heredera, por tanto, de una parte de su cuantiosa fortuna. ¿Se trata acaso de una impostora? Los Stanford son gente respetada y poderosa. Pero detrás de la impecable fachada se oculta una madeja de extorsiones, drogas y muerte. Con la habilidad sin par que lo distingue, Sidney Sheldon delinea la trama intrincada y ágil de este nuevo gran bestseller. los vaivenes de la historia culminan, como de costumbre, en un final pleno de sorpresa.
655 ## - MATERIA - GENERO/FORMA
Género/Forma Literatura
-- 2917
942 ## - ADDED ENTRY ELEMENTS (KOHA)
Source of classification or shelving scheme Library of Congress Classification
Item type LITERATURA
Existencias
Estado de retiro Existencia Fuente de clasificación Estado general No para prestamo Ubicación permanente ubicación actual Sala de ubicación Fecha de adquisición Fuente de adquisición Total Checkouts Número de clasificación Código de barras Date last seen Número de ejemplar Price effective from Koha tipo de elemento (item) Public note Coded location qualifier
    Dewey Decimal Classification     Biblioteca Medicina Biblioteca Medicina Circulación 24/07/2025 Donación Navarro, Adriana. Julio 2025   808 78 SHE 5049 24/07/2025 Ej. 1 24/07/2025 LITERATURA Donación Navarro, Adriana. Julio 2025. Sede Tordos.  

UNIVERSIDAD NACIONAL DEL COMAHUE
Biblioteca de la Facultad de Ciencias Médicas
Sede Toschi: Los Arrayanes y Av. Toschi, Cipolletti  - Rio Negro
Sede Los Tordos:  Yrigoyen al 2211, Cipolletti - Rio Negro 

Teléfono: 0299 - 4774707 int 25
Contacto: biblioteca@facimed.uncoma.edu.ar
© 2011 - 2026